000 01803nam a2200421Ia 4500
001 ebr10054600
003 CaPaEBR
006 m u
007 cr cn|||||||||
008 980914s1999 nyu sb 001 0 eng d
010 _z 98037713
020 _z0203900952
020 _z0815322909 (alk. paper)
040 _aCaPaEBR
_cCaPaEBR
035 _a(OCoLC)560046493
050 1 4 _aPN3443
_b.M38 1999eb
082 0 4 _a809.3/00835
_221
100 1 _aMcCallum, Robyn.
245 1 0 _aIdeologies of identity in adolescent fiction
_h[electronic resource] :
_bthe dialogic construction of subjectivity /
_cRobyn McCallum.
260 _aNew York :
_bGarland Pub.,
_c1999.
300 _aviii, 285 p.
490 1 _aGarland reference library of social science ;
_vv. 1094.
_aChildren's literature and culture ;
_vv. 8
504 _aIncludes bibliographical references and index.
533 _aElectronic reproduction.
_bPalo Alto, Calif. :
_cebrary,
_d2009.
_nAvailable via World Wide Web.
_nAccess may be limited to ebrary affiliated libraries.
650 0 _aYoung adult fiction
_xHistory and criticism.
650 0 _aChildren's stories
_xHistory and criticism.
650 0 _aSubjectivity in literature.
650 0 _aSelf in literature.
650 0 _aIdentity (Psychology) in literature.
650 0 _aSocial interaction in literature.
650 0 _aFiction
_xTechnique.
650 0 _aNarration (Rhetoric)
655 7 _aElectronic books.
_2local
710 2 _aebrary, Inc.
830 0 _aGarland reference library of social science ;
_vv. 1094.
830 0 _aGarland reference library of social science.
_pChildren's literature and culture ;
_vv. 8.
856 4 0 _uhttp://site.ebrary.com/lib/rucke/Doc?id=10054600
_zAn electronic book accessible through the World Wide Web; click to view
999 _c178470
_d178470